01121nam a22003257a 4500003000500000005001700005008004100022010001000063011001000073035001000083040000900093090001000102100003500112245009300147260003900240300000900279502005700288590003700345590004100382590004100423590004100464590004200505650002800547650002400575901000700599942001000606949003500616999001700651952012700668CHAP20220329134415.0971013s1967 r 00010 d a20076 a21048 a25137 cCHAP aTesis00aAparicio Garcia, Hector.96206 aAprovechamiento de las aguas del sub-suelo del alto Río Lerma en el Estado de México aMéxico, D.F., :bEl autor,c1967 a83 h aTesis (Ing. Geólogo) -- UNAM. Fac. de Ingeniería aALEPHb10c20130110lUCH01h1243 aBATCH-UPDb10c20130110lUCH01h1847 aBATCH-UPDb10c20130410lUCH01h1217 aBATCH-UPDb10c20130914lUCH01h2007 aCONVERSIONb10c20130109lUCH01h131214aAgua subterranea.9245614aRío Lerma.999120 aBK cTESIS bBCcTESd-57988eTS1i25137si c20076d20076 00102local4051708TESISaBCbBCcPA_TESISd2012-12-17fTESISl0oTesisp-57988r2019-12-31 00:00:00w2019-12-31yTESIS